[Event "Catalunya-chT Gp2"]
[Site "Barcelona"]
[Date "2020.02.29"]
[Round "7.9"]
[White "Saldana Caballe, Jose Enrique"]
[Black "Ibanez Tarradellas, Eduardo"]
[Result "0-1"]
[WhiteElo "2036"]
[BlackElo "2175"]
[PlyCount "52"]
[EventDate "2020.01.18"]
[EventType "team-tourn"]
[EventRounds "7"]
[EventCountry "ESP"]
[SourceTitle "CBM 195 Extra"]
[Source "ChessBase"]
[SourceDate "2020.05.31"]
[SourceVersion "1"]
[SourceVersionDate "2020.05.31"]
[SourceQuality "1"]
[WhiteTeam "Salauris"]
[BlackTeam "Figueres"]
[WhiteTeamCountry "ESP"]
[BlackTeamCountry "ESP"]

1. Nf3 d5 2. d4 Nc6 3. Bf4 Bg4 4. e3 e6 5. Be2 Bd6 6. Bg3 f5 7. Nbd2 Nf6 8. c4 0-0 9. Bxd6 Qxd6 10. h3 Bxf3 11. gxf3 f4 12. c5 Qe7 13. Qb3 Rab8 14. Qc3 e5 15. dxe5 Nxe5 16. e4 Rfd8 17. Nb3 dxe4 18. 0-0 exf3 19. Bc4+ Kh8 20. Rfe1 Nfd7 21. Bf1 Re8 22. Kh1 Qh4 23. Qd2 Re6 24. Re4 Rf8 25. Rae1 Qg5 26. Qxd7 Rg6 0-1

[Event "Catalunya-chT Gp2"]
[Site "Barcelona"]
[Date "2020.02.15"]
[Round "5.7"]
[White "Saldana Caballe, Jose Enrique"]
[Black "Barbero Sendic, Alejandro"]
[Result "0-1"]
[WhiteElo "2036"]
[BlackElo "2308"]
[PlyCount "40"]
[EventDate "2020.01.18"]
[EventType "team-tourn"]
[EventRounds "7"]
[EventCountry "ESP"]
[SourceTitle "CBM 195 Extra"]
[Source "ChessBase"]
[SourceDate "2020.05.31"]
[SourceVersion "1"]
[SourceVersionDate "2020.05.31"]
[SourceQuality "1"]
[WhiteTeam "Salauris"]
[BlackTeam "Barcelona Escola Escacs"]
[WhiteTeamCountry "ESP"]
[BlackTeamCountry "ESP"]

1. d4 d5 2. Nf3 c5 3. e3 Nf6 4. b3 e6 5. Bd3 Bd6 6. Bb2 0-0 7. 0-0 Nc6 8. a3 b6 9. Nbd2 Bb7 10. Ne5 Ne7 11. f4 Qc8 12. Rc1 Ne4 13. Rf3 f6 14. Ng4 c4 15. bxc4 Nxd2 16. Bxh7+ Kxh7 17. Rh3+ Kg8 18. Nh6+ gxh6 19. Rxh6 Kg7 20. Rh3 Ne4 0-1

[Event "Catalunya-chT Gp1"]
[Site "Barcelona"]
[Date "2019.02.23"]
[Round "6.10"]
[White "Saldana Caballe, Jose Enrique"]
[Black "Bautista Sanchez, Joan"]
[Result "1-0"]
[WhiteElo "2069"]
[BlackElo "2065"]
[PlyCount "75"]
[EventDate "2019.01.19"]
[EventType "team-tourn"]
[EventRounds "7"]
[EventCountry "ESP"]
[SourceTitle "CBM 189 Extra"]
[Source "ChessBase"]
[SourceDate "2019.06.03"]
[SourceVersion "1"]
[SourceVersionDate "2019.06.03"]
[SourceQuality "1"]
[WhiteTeam "Salou Escola Escacs"]
[BlackTeam "Sant Andreu"]
[WhiteTeamCountry "ESP"]
[BlackTeamCountry "ESP"]

1. e4 c6 2. d4 d5 3. Nd2 dxe4 4. Nxe4 Nd7 5. Qe2 e6 6. Nf3 Ngf6 7. Neg5 Qe7 8. Ne5 Nxe5 9. dxe5 Nd7 10. Bd2 h6 11. Nf3 Qc5 12. Bc3 Qb6 13. 0-0-0 Be7 14. h4 Nc5 15. Rd4 a5 16. Nd2 Nd7 17. Nc4 Qc5 18. Rh3 b5 19. Nd6+ Bxd6 20. Rxd6 Qb6 21. Rhd3 Qc7 22. Qg4 Kf8 23. f4 b4 24. Be1 g6 25. h5 Rg8 26. Qf3 Nc5 27. Rd2 Bb7 28. Bf2 Na4 29. Rd7 Qc8 30. Qb3 c5 31. Rd8+ Qxd8 32. Rxd8+ Rxd8 33. Qxa4 gxh5 34. Bxc5+ Kg7 35. Be7 Rd4 36. Bf6+ Kg6 37. Bd3+ Be4 38. Qd7 1-0

[Event "Tarragona Province-ch"]
[Site "Tarragona"]
[Date "2018.11.25"]
[Round "9.5"]
[White "Barberans Sola, Sebastian"]
[Black "Saldana Caballe, Jose Enrique"]
[Result "0-1"]
[WhiteElo "1906"]
[BlackElo "2061"]
[PlyCount "32"]
[EventDate "2018.09.30"]
[EventType "swiss"]
[EventRounds "9"]
[EventCountry "ESP"]
[SourceTitle "CBM 187 Extra"]
[Source "ChessBase"]
[SourceDate "2018.11.04"]
[SourceVersion "1"]
[SourceVersionDate "2018.11.04"]
[SourceQuality "1"]

1. d4 Nf6 2. Bf4 g6 3. e3 Bg7 4. Be2 d6 5. Nf3 0-0 6. 0-0 Nfd7 7. h3 e5 8. Bh2 Nc6 9. c4 e4 10. Nfd2 f5 11. Nc3 Nf6 12. Rb1 g5 13. b4 Ne7 14. c5 Ng6 15. Nb5 f4 16. Nxc7 Qxc7 0-1

[Event "Tarragona Province-ch"]
[Site "Tarragona"]
[Date "2018.11.18"]
[Round "8.2"]
[White "Saldana Caballe, Jose Enrique"]
[Black "Esplugas Esteve, Vicenc"]
[Result "0-1"]
[WhiteElo "2061"]
[BlackElo "2304"]
[PlyCount "140"]
[EventDate "2018.09.30"]
[EventType "swiss"]
[EventRounds "9"]
[EventCountry "ESP"]
[SourceTitle "CBM 187 Extra"]
[Source "ChessBase"]
[SourceDate "2018.11.04"]
[SourceVersion "1"]
[SourceVersionDate "2018.11.04"]
[SourceQuality "1"]

1. e4 e6 2. d4 d5 3. Nd2 Be7 4. Ngf3 Nf6 5. e5 Nfd7 6. Bd3 c5 7. c3 Nc6 8. 0-0 g5 9. dxc5 g4 10. Nd4 Ndxe5 11. Bb5 Bd7 12. N2b3 h5 13. Bf4 Ng6 14. Bd6 e5 15. Nc2 Be6 16. Bxe7 Qxe7 17. Re1 Kf8 18. Bxc6 bxc6 19. Nb4 Rc8 20. Qd3 h4 21. Qa6 Qf6 22. Re3 Kg7 23. Rd1 Ne7 24. Qe2 Rh5 25. f3 Rg5 26. Rf1 g3 27. Nd3 h3 28. hxg3 Rxg3 29. Ne1 Ng6 30. f4 Rxe3 31. Qxe3 Nxf4 32. g3 h2+ 33. Kh1 d4 34. cxd4 Bd5+ 35. Nf3 Ne6 36. Qxe5 Qxe5 37. dxe5 Ng5 38. Nbd4 Rh8 39. Nf5+ Kf8 40. N5h4 Rxh4 41. gxh4 Nxf3 42. Rd1 Nxh4+ 43. Kxh2 Ng6 44. Rd4 Bxa2 45. Ra4 Bd5 46. e6 fxe6 47. Rxa7 Ne7 48. b4 Kf7 49. Rb7 Kf6 50. b5 cxb5 51. Rxb5 Ke5 52. Rb4 Nc6 53. Rh4 Be4 54. Kg3 Kd5 55. Kf4 Bd3 56. Ke3 Bb5 57. Rh5+ e5 58. Rg5 Na5 59. Rg6 Nc4+ 60. Kf3 Kxc5 61. Ke4 Ba4 62. Rg5 Bc2+ 63. Kf3 Kd4 64. Ke2 Bd3+ 65. Ke1 e4 66. Rg1 Ne5 67. Rg3 e3 68. Rh3 Bf5 69. Rg3 Bg4 70. Rg2 Nd3+ 0-1

[Event "Tarragona Province-ch"]
[Site "Tarragona"]
[Date "2018.11.11"]
[Round "7.6"]
[White "Domingo Basora, Sergi"]
[Black "Saldana Caballe, Jose Enrique"]
[Result "0-1"]
[WhiteElo "1912"]
[BlackElo "2061"]
[PlyCount "50"]
[EventDate "2018.09.30"]
[EventType "swiss"]
[EventRounds "9"]
[EventCountry "ESP"]
[SourceTitle "CBM 187 Extra"]
[Source "ChessBase"]
[SourceDate "2018.11.04"]
[SourceVersion "1"]
[SourceVersionDate "2018.11.04"]
[SourceQuality "1"]

1. d4 d5 2. c4 Nc6 3. cxd5 Qxd5 4. Nf3 e5 5. dxe5 Qxd1+ 6. Kxd1 Bg4 7. Bf4 Nge7 8. Nbd2 0-0-0 9. Kc1 Ng6 10. Bg3 h5 11. h3 Bxf3 12. Nxf3 h4 13. Bh2 Rh5 14. e3 Ngxe5 15. Be2 Nd3+ 16. Bxd3 Rxd3 17. a3 Rc5+ 18. Kb1 Rb5 19. Kc2 Rdd5 20. b3 Be7 21. Rad1 Bxa3 22. Rxd5 Rxd5 23. Nxh4 Nb4+ 24. Kc3 b5 25. Rg1 Rd3# 0-1

[Event "Tarragona Province-ch"]
[Site "Tarragona"]
[Date "2018.10.07"]
[Round "2"]
[White "Saldana Caballe, Jose Enrique"]
[Black "Pique Ferrer, Jordi"]
[Result "1-0"]
[WhiteElo "2061"]
[BlackElo "1888"]
[PlyCount "121"]
[EventDate "2018.09.30"]
[EventType "swiss"]
[EventRounds "9"]
[EventCountry "ESP"]
[SourceTitle "CBM 187 Extra"]
[Source "ChessBase"]
[SourceDate "2018.11.04"]
[SourceVersion "1"]
[SourceVersionDate "2018.11.04"]
[SourceQuality "1"]

1. d4 d5 2. Nf3 Nf6 3. Bf4 c5 4. e3 Nc6 5. c3 Qb6 6. Qb3 c4 7. Qxb6 axb6 8. Na3 Na7 9. Bc7 b5 10. Bb6 e6 11. Nc2 Nc6 12. Ne5 Nd7 13. Nxd7 Bxd7 14. Bc7 Be7 15. Be2 0-0 16. Kd2 Rfc8 17. Bg3 Ra7 18. Bf3 Rca8 19. a3 Na5 20. Rag1 Nc6 21. e4 dxe4 22. Bxe4 f5 23. Bf3 Bg5+ 24. Kd1 f4 25. h4 Bh6 26. Bh2 e5 27. d5 Ne7 28. Re1 Ng6 29. g3 fxg3 30. Bxg3 Rf8 31. Ke2 Bf5 32. Nb4 Bd3+ 33. Nxd3 cxd3+ 34. Kxd3 Rxf3+ 35. Ke4 Rf7 36. h5 Nf4 37. Rd1 Ra4+ 38. b4 Rxa3 39. d6 Rd7 40. Kxe5 Ne2 41. Ke6 Rd8 42. Bh4 Nf4+ 43. Ke7 Raa8 44. d7 g6 45. Rhe1 Bf8+ 46. Kf6 Nxh5+ 47. Ke5 Re8+ 48. dxe8Q Rxe8+ 49. Kd4 Bg7+ 50. Kc5 Rc8+ 51. Kxb5 Bxc3 52. Re7 Bf6 53. Bxf6 Nxf6 54. Rxb7 Ne4 55. Rdd7 h5 56. Rg7+ Kh8 57. Rh7+ Kg8 58. Rbg7+ Kf8 59. Rxg6 Rb8+ 60. Rb6 Nc3+ 61. Ka5 1-0

[Event "Sitges op 44th"]
[Site "Sitges"]
[Date "2018.07.22"]
[Round "1"]
[White "Grafl, Florian"]
[Black "Saldana Caballe, Jose Enrique"]
[Result "1/2-1/2"]
[WhiteElo "2364"]
[BlackElo "2048"]
[PlyCount "110"]
[EventDate "2018.07.22"]
[EventType "swiss"]
[EventRounds "9"]
[EventCountry "ESP"]
[SourceTitle "CBM 185 Extra"]
[Source "ChessBase"]
[SourceDate "2018.07.29"]
[SourceVersion "1"]
[SourceVersionDate "2018.07.29"]
[SourceQuality "1"]

1. f4 Nf6 2. Nf3 d6 3. Nc3 c5 4. e4 e6 5. Bb5+ Bd7 6. Bxd7+ Qxd7 7. 0-0 b5 8. e5 Ng8 9. exd6 Bxd6 10. Ne5 Bxe5 11. fxe5 Ne7 12. d3 0-0 13. Be3 Na6 14. Ne4 Nf5 15. Bf2 Qd5 16. Re1 Qxe5 17. Nxc5 Qd6 18. Ne4 Qd7 19. a3 Rac8 20. c3 Rcd8 21. d4 Nc7 22. a4 a6 23. axb5 axb5 24. Qg4 Nd5 25. Nc5 Qc7 26. Qe2 b4 27. g4 Nfe7 28. Bg3 Qc8 29. Qf3 bxc3 30. bxc3 Qc6 31. Ra6 Qb5 32. Rea1 Qb2 33. Be1 Ng6 34. R6a2 Qb6 35. Qe4 Rfe8 36. Rb1 Qc7 37. Rb7 Qf4 38. Raa7 Qxe4 39. Nxe4 Re7 40. Rxe7 Ndxe7 41. Kf2 e5 42. Ke3 exd4+ 43. cxd4 Nd5+ 44. Kf3 f6 45. Bf2 Nge7 46. Ng3 g6 47. Ne4 f5 48. gxf5 Nxf5 49. Nc5 Nf6 50. Ne4 Nd7 51. Ng3 Nf6 52. Ra6 Rd6 53. Rxd6 Nxd6 54. Kf4 Nf5 55. h3 h6 1/2-1/2

[Event "Salou op U2300 3rd"]
[Site "Salou"]
[Date "2018.04.28"]
[Round "1"]
[White "Aymat Satue, Joan"]
[Black "Saldana Caballe, Jose Enrique"]
[Result "0-1"]
[WhiteElo "1612"]
[BlackElo "2098"]
[PlyCount "56"]
[EventDate "2018.04.28"]
[EventType "swiss"]
[EventRounds "7"]
[EventCountry "ESP"]
[SourceTitle "CBM 184 Extra"]
[Source "ChessBase"]
[SourceDate "2018.06.28"]
[SourceVersion "1"]
[SourceVersionDate "2018.06.28"]
[SourceQuality "1"]

1. d4 Nf6 2. Bf4 b5 3. e3 Bb7 4. Nf3 a6 5. c4 b4 6. Nbd2 e6 7. a3 c5 8. axb4 cxd4 9. exd4 Bxb4 10. Bd3 0-0 11. 0-0 d6 12. Qb3 a5 13. Bg5 h6 14. Bh4 d5 15. c5 Nc6 16. Rfd1 g5 17. Bg3 g4 18. Ne5 Nxd4 19. Qa4 Bxc5 20. Nb3 Nxb3 21. Qxb3 Rb8 22. Nxf7 Rxf7 23. Bxb8 Qxb8 24. Rxa5 Qc7 25. Rb5 Kg7 26. Qc3 Bxf2+ 27. Kxf2 Qxc3 28. bxc3 Ne4+ 0-1

[Event "Salou op"]
[Site "Salou"]
[Date "2017.04.29"]
[Round "2"]
[White "Caballero Gomez Casero, Emilio"]
[Black "Saldana Caballe, Jose Enrique"]
[Result "1/2-1/2"]
[WhiteElo "1773"]
[BlackElo "2094"]
[PlyCount "115"]
[EventDate "2017.04.29"]
[EventType "swiss"]
[EventRounds "6"]
[EventCountry "ESP"]
[SourceTitle "CBM 178 Extra"]
[Source "ChessBase"]
[SourceDate "2017.06.22"]
[SourceVersion "1"]
[SourceVersionDate "2017.06.22"]
[SourceQuality "1"]

1. d4 Nf6 2. Nf3 g6 3. Nc3 d5 4. Bf4 c6 5. e3 Bg7 6. Be2 0-0 7. Ne5 Nbd7 8. h4 Nxe5 9. dxe5 Nd7 10. h5 Nxe5 11. hxg6 fxg6 12. Bh6 Rf7 13. Bxg7 Rxg7 14. Qd4 Nf7 15. 0-0-0 e5 16. Qd3 Bf5 17. e4 dxe4 18. Qc4 Qf6 19. g4 Be6 20. Qb4 Ng5 21. Rd6 Qf8 22. Rhd1 Nf7 23. Bc4 Bd5 24. Nxd5 cxd5 25. Bxd5 Kh8 26. Bxf7 Rxf7 27. Qxe4 Qh6+ 28. Kb1 Qf4 29. Qd5 Raf8 30. Rd8 Rxd8 31. Qxd8+ Kg7 32. Qe8 Qxf2 33. Qxe5+ Qf6 34. Qh2 Qf4 35. Qe2 h6 36. b3 Qf3 37. Qe5+ Qf6 38. Qe8 Qe7 39. Qa4 a6 40. Qd4+ Qf6 41. Qd3 Re7 42. Rf1 Qe5 43. Qd8 Rf7 44. Rxf7+ Kxf7 45. Qc8 Qe4 46. Qh8 Qxg4 47. Qxh6 Qg1+ 48. Kb2 Qd4+ 49. Kb1 Qe4 50. Qg5 Qf5 51. Qg2 Qd7 52. Qf3+ Kg7 53. Qf4 Qe7 54. Qd4+ Kh6 55. Qh8+ Kg5 56. Qd4 Qf7 57. Qg1+ Kh6 58. Qh2+ 1/2-1/2

[Event "Tarragona Province-ch"]
[Site "Tarragona"]
[Date "2015.11.08"]
[Round "6"]
[White "Saldana Caballe, Jose Enrique"]
[Black "Regue Farran, Enric"]
[Result "0-1"]
[WhiteElo "2227"]
[BlackElo "2210"]
[PlyCount "92"]
[EventDate "2015.09.27"]
[EventType "swiss"]
[EventRounds "9"]
[EventCountry "ESP"]
[SourceTitle "EXT 2017"]
[Source "ChessBase"]
[SourceDate "2016.10.25"]
[SourceVersion "1"]
[SourceVersionDate "2016.10.25"]
[SourceQuality "1"]

1. e4 c5 2. Nf3 Nc6 3. d4 cxd4 4. Nxd4 Nf6 5. Nc3 e5 6. Ndb5 d6 7. Nd5 Nxd5 8. exd5 Nb8 9. c4 Be7 10. Bd3 Nd7 11. 0-0 Nc5 12. Bc2 a6 13. Nc3 0-0 14. b4 Nd7 15. Be3 f5 16. f3 Qc7 17. Bb3 Kh8 18. Qd3 b6 19. Rfd1 Bb7 20. Rac1 Rac8 21. Ba4 e4 22. fxe4 Ne5 23. Qe2 Qxc4 24. Rd4 Qxe2 25. Nxe2 Rxc1+ 26. Bxc1 b5 27. Bc2 Bd8 28. Rd1 Bb6+ 29. Kh1 Ng4 30. Rf1 Nf2+ 31. Kg1 Nxe4+ 32. Kh1 Bxd5 33. Bxe4 Bxe4 34. Ng3 Rc8 35. Bb2 Kg8 36. Rc1 Rxc1+ 37. Bxc1 Kf7 38. Bb2 d5 39. Ne2 g6 40. Nd4 g5 41. Kg1 f4 42. Kf1 Kg6 43. g4 h5 44. h3 hxg4 45. hxg4 Bxd4 46. Bxd4 Bf3 0-1

[Event "Tarragona Province-ch"]
[Site "Tarragona"]
[Date "2015.10.11"]
[Round "3"]
[White "Esplugas Esteve, Vicenc"]
[Black "Saldana Caballe, Jose Enrique"]
[Result "1/2-1/2"]
[WhiteElo "2359"]
[BlackElo "2227"]
[PlyCount "71"]
[EventDate "2015.09.27"]
[EventType "swiss"]
[EventRounds "9"]
[EventCountry "ESP"]
[SourceTitle "EXT 2017"]
[Source "ChessBase"]
[SourceDate "2016.10.25"]
[SourceVersion "1"]
[SourceVersionDate "2016.10.25"]
[SourceQuality "1"]

1. e4 Nf6 2. e5 Nd5 3. c4 Nb6 4. c5 Nd5 5. Nc3 e6 6. d4 b6 7. cxb6 axb6 8. Bd3 Nxc3 9. bxc3 d5 10. f4 Ba6 11. Nf3 Bxd3 12. Qxd3 Qd7 13. 0-0 Nc6 14. g4 Ne7 15. Ng5 g6 16. Bd2 Bg7 17. Rf2 0-0 18. h4 f6 19. exf6 Rxf6 20. Re2 h6 21. Nf3 Rf7 22. Ne5 Bxe5 23. fxe5 Kg7 24. Rf2 Rxf2 25. Kxf2 Qa4 26. Kg2 Rf8 27. Rf1 Rxf1 28. Qxf1 Ng8 29. Qd3 Qe8 30. Kg3 Qf7 31. c4 Ne7 32. Qe3 h5 33. Qh6+ Kg8 34. Bg5 hxg4 35. Bxe7 Qf3+ 36. Kh2 1/2-1/2

[Event "Calvia op 1st"]
[Site "Calvia"]
[Date "2004.11.04"]
[Round "4"]
[White "Campora, Daniel Hugo"]
[Black "Saldana Caballe, Jose Enrique"]
[Result "1-0"]
[WhiteElo "2549"]
[BlackElo "2118"]
[PlyCount "53"]
[EventDate "2004.11.01"]
[EventType "swiss"]
[EventRounds "9"]
[EventCountry "ESP"]
[SourceTitle "EXT 2005"]
[Source "ChessBase"]
[SourceDate "2004.11.15"]
[SourceVersion "1"]
[SourceVersionDate "2004.11.15"]
[SourceQuality "1"]

1. e4 c5 2. Nf3 d6 3. Bb5+ Bd7 4. a4 Nf6 5. e5 dxe5 6. Nxe5 Bxb5 7. axb5 Qc7 8. Nc4 Nbd7 9. 0-0 e6 10. d3 Be7 11. Re1 0-0 12. Qf3 Nd5 13. Nc3 N7f6 14. Bg5 Nxc3 15. bxc3 Nd5 16. Bxe7 Nxe7 17. Ra3 Nd5 18. Rea1 Rfb8 19. Qg3 Rd8 20. Rxa7 Rxa7 21. Rxa7 Qd7 22. Qd6 Qxd6 23. Nxd6 Nxc3 24. Rxb7 f6 25. Nc4 Ra8 26. g3 Ra2 27. b6 1-0

[Event "ESP-ch op 68th"]
[Site "Burgos"]
[Date "2003.10.30"]
[Round "7"]
[White "Saldana Caballe, Jose Enrique"]
[Black "Lopez Gracia, Fernando"]
[Result "0-1"]
[WhiteElo "2111"]
[BlackElo "2360"]
[PlyCount "64"]
[EventDate "2003.10.24"]
[EventType "swiss"]
[EventRounds "9"]
[EventCountry "ESP"]
[SourceTitle "EXT 2004"]
[Source "ChessBase"]
[SourceDate "2003.11.25"]
[SourceVersion "1"]
[SourceVersionDate "2003.11.25"]
[SourceQuality "1"]

1. e4 c5 2. Nf3 d6 3. Bb5+ Bd7 4. Bxd7+ Qxd7 5. c4 Nc6 6. d4 cxd4 7. Nxd4 Nf6 8. Nc3 g6 9. 0-0 Bg7 10. h3 Nxe4 11. Nxe4 Nxd4 12. Rb1 0-0 13. Bg5 Rfe8 14. Re1 Rac8 15. b3 a6 16. Re3 b5 17. cxb5 axb5 18. Rd3 Ne6 19. Be3 Qc6 20. f3 Qc2 21. Rd5 Qxa2 22. Rxb5 Rc2 23. Bd2 Ra8 24. Rc1 Rxc1 25. Qxc1 Nd4 26. Nc3 Qa7 27. Be3 Nxb5 28. Bxa7 Nxc3 29. Qe3 Rxa7 30. Kh2 Ra2 31. h4 Be5+ 32. Kh3 Nd1 0-1